<?xml version="1.0" encoding="UTF-8"?><?xml-stylesheet type="text/xsl" href="static/style.xsl"?><OAI-PMH xmlns="http://www.openarchives.org/OAI/2.0/" xmlns:xsi="http://www.w3.org/2001/XMLSchema-instance" xsi:schemaLocation="http://www.openarchives.org/OAI/2.0/ http://www.openarchives.org/OAI/2.0/OAI-PMH.xsd"><responseDate>2026-04-17T14:58:17Z</responseDate><request verb="GetRecord" identifier="oai:www.recercat.cat:10256/11578" metadataPrefix="marc">https://recercat.cat/oai/request</request><GetRecord><record><header><identifier>oai:recercat.cat:10256/11578</identifier><datestamp>2024-06-06T08:03:49Z</datestamp><setSpec>com_2072_452966</setSpec><setSpec>com_2072_2054</setSpec><setSpec>col_2072_452969</setSpec></header><metadata><record xmlns="http://www.loc.gov/MARC21/slim" xmlns:dcterms="http://purl.org/dc/terms/" xmlns:xsi="http://www.w3.org/2001/XMLSchema-instance" xmlns:doc="http://www.lyncode.com/xoai" xsi:schemaLocation="http://www.loc.gov/MARC21/slim http://www.loc.gov/standards/marcxml/schema/MARC21slim.xsd">
   <leader>00925njm 22002777a 4500</leader>
   <datafield ind2=" " ind1=" " tag="042">
      <subfield code="a">dc</subfield>
   </datafield>
   <datafield ind2=" " ind1=" " tag="720">
      <subfield code="a">Clarà Valdunciel, Eduard</subfield>
      <subfield code="e">author</subfield>
   </datafield>
   <datafield ind2=" " ind1=" " tag="260">
      <subfield code="c">2015-09</subfield>
   </datafield>
   <datafield ind2=" " ind1=" " tag="520">
      <subfield code="a">Aquest treball està pensat per a fer una mirada a la actualitat del cinema comercial. El cinema d’avui dia està vivint en un entorn regit pel sistema capitalista i la societat de masses. L’art del cinema ja no és el que era abans, no té res a veure amb els seus orígens ni amb els primers anys de les grans productores de Hollywood. El mercat amb la regla de la oferta i la demanda és qui posa les regles de què s’ha produir a la gran pantalla i què no. El tema d’aquest treball de recerca té a veure amb les estrenes cinematogràfiques que més sovint es troben a la taquilla tots els anys. Estem parlant de les sagues, els remakes, les paròdies, els pastiche, les pel·lícules basades en llibres, etc. És a dir, que tractarem un cinema que recull idees d’històries ja creades per així adaptar-les a la gran pantalla, ja sigui els drets d’una novel·la, sèrie de televisió o marca comercial</subfield>
   </datafield>
   <datafield ind2=" " ind1=" " tag="520">
      <subfield code="a">This work is designed to take a look at the current state of commercial cinema. The cinema today is developed in an environment ruled by capitalism and mass society. The art of cinema is not what it used to be, it has nothing to do with their origins or the early years of the great producers of Hollywood. The market rule of supply and demand is the one who puts the rules of what to produce on the big screen and what not. The subject of this research work has to do with new releases that are often at the cinemas every year. We are talking about franchises, remakes, parodies, the pastiche, the films based on books, etc. In other words, we will deal with cinema that collects ideas for stories already created and adapted to the big screen</subfield>
   </datafield>
   <datafield ind1="8" ind2=" " tag="024">
      <subfield code="a">http://hdl.handle.net/10256/11578</subfield>
   </datafield>
   <datafield tag="653" ind2=" " ind1=" ">
      <subfield code="a">Cinematografia</subfield>
   </datafield>
   <datafield tag="653" ind2=" " ind1=" ">
      <subfield code="a">Motion pictures</subfield>
   </datafield>
   <datafield tag="653" ind2=" " ind1=" ">
      <subfield code="a">Adaptacions cinematogràfiques</subfield>
   </datafield>
   <datafield tag="653" ind2=" " ind1=" ">
      <subfield code="a">Film adaptations</subfield>
   </datafield>
   <datafield ind2="0" ind1="0" tag="245">
      <subfield code="a">El Concepte de còpia en el cinema contemporani</subfield>
   </datafield>
</record></metadata></record></GetRecord></OAI-PMH>